
Library Catalogue

| 000 -LEADER | |
|---|---|
| fixed length control field | 00936cam a2200193 a 4500 |
| 005 - DATE AND TIME OF LATEST TRANSACTION | |
| control field | 20260520120828.0 |
| 008 - FIXED-LENGTH DATA ELEMENTS--GENERAL INFORMATION | |
| fixed length control field | 110103s2011 nyu b 001 0 eng |
| 020 ## - INTERNATIONAL STANDARD BOOK NUMBER | |
| International Standard Book Number | 9788184002805 (pbk.) |
| 082 ## - DEWEY DECIMAL CLASSIFICATION NUMBER | |
| Classification number | 338.91 BAN |
| 100 1# - MAIN ENTRY--PERSONAL NAME | |
| Personal name | Banerjee, Abhijit V. |
| 245 10 - TITLE STATEMENT | |
| Title | Poor economics : |
| Remainder of title | rethinking poverty & the ways to end it / |
| Statement of responsibility, etc. | Abhijit V. Banerjee and Esther Duflo. |
| 260 ## - PUBLICATION, DISTRIBUTION, ETC. | |
| Place of publication, distribution, etc. | London : |
| Name of publisher, distributor, etc. | Vintage Books, |
| Date of publication, distribution, etc. | 2011. |
| 300 ## - PHYSICAL DESCRIPTION | |
| Extent | xv, 442 p. ; |
| Dimensions | 22 cm. |
| 505 ## - Contents | |
| Contents | 1. Think Again, Again;2. A Billion Hungry People?;<br/>3. Low-Hanging Fruit for Better (Global) Health?4 Top of the Class5. Pak Sudarno's Big Family;6. Barefoot Hedge-Fund Managers;<br/>7. The Men from Kabul and the Eunuchs of India: The (Not So) Simple Economics of Lending to the Poor;8. Saving Brick by Brick;9. Reluctant Entrepreneurs ;10. Policies Politics. |
| 650 #0 - SUBJECT ADDED ENTRY--TOPICAL TERM | |
| Topical term or geographic name entry element | Poor economic |
| 650 #0 - SUBJECT ADDED ENTRY--TOPICAL TERM | |
| Topical term or geographic name entry element | Poverty |
| General subdivision | Prevention. |
| 700 1# - ADDED ENTRY--PERSONAL NAME | |
| Personal name | Duflo, Esther |
| 942 ## - ADDED ENTRY ELEMENTS (KOHA) | |
| Source of classification or shelving scheme | Dewey Decimal Classification |
| Koha item type | BOOKs |
| Withdrawn status | Lost status | Source of classification or shelving scheme | Materials specified (bound volume or other part) | Damaged status | Not for loan | Home library | Current library | Shelving location | Date acquired | Source of acquisition | Cost, normal purchase price | Total Checkouts | Total Renewals | Full call number | Barcode | Date last seen | Date last checked out | Price effective from | Koha item type | Public note |
|---|---|---|---|---|---|---|---|---|---|---|---|---|---|---|---|---|---|---|---|---|
| Dewey Decimal Classification | HB | NLS | NLS | General Stacks | 20/12/2017 | Purchased | 275.00 | 2 | 2 | 338.91 BAN | 35740 | 06/08/2025 | 30/07/2025 | 20/12/2018 | BOOKs | Available in Circulation Counter |